| 000 | 00533nam a2200205Ia 4500 | ||
|---|---|---|---|
| 008 | 160803s9999 xx 000 0 und d | ||
| 020 | _a0 590107348 | ||
| 100 | _aSchlein, Miriam | ||
| 245 | _aMore than one / | ||
| 245 | _cby Miriam Schlein ; pictures by Donald Crews. | ||
| 260 | _aNew York : | ||
| 260 | _bScholastic Inc. | ||
| 260 | _c1996 | ||
| 300 | _aunnumbered pages : | ||
| 300 | _bcolor illustrations ; | ||
| 300 | _c21 x 26 cm | ||
| 650 | _aCounting -- | ||
| 650 | _xJuvenile literature. | ||
| 700 | _a340 | ||
| 999 |
_c299271 _d299271 |
||